"MECHANICAL AND ELECTRICAL EQUIPMENT FOR BUILDINGS, 10TH ED" (Record no. 477778)

MARC details
000 -LEADER
fixed length control field 00476pam a2200157a 44500
008 - FIXED-LENGTH DATA ELEMENTS--GENERAL INFORMATION
fixed length control field 230515b2006 xxu||||| |||| 00| 0 eng d
020 ## - INTERNATIONAL STANDARD BOOK NUMBER
International Standard Book Number NULL
041 ## - LANGUAGE CODE
Language code of text/sound track or separate title ENGLISH
082 ## - DEWEY DECIMAL CLASSIFICATION NUMBER
Classification number 696
100 ## - MAIN ENTRY--PERSONAL NAME
Personal name "STEIN B., ROYNOLDS J. , GRONDZIK W., KWOK A. G."
245 ## - TITLE STATEMENT
Title "MECHANICAL AND ELECTRICAL EQUIPMENT FOR BUILDINGS, 10TH ED"
250 ## - EDITION STATEMENT
Edition statement 10
260 ## - PUBLICATION, DISTRIBUTION, ETC.
Place of publication, distribution, etc. NEW YORK
Name of publisher, distributor, etc. JOHN WILEE AND SONS
Date of publication, distribution, etc. 2006
300 ## - PHYSICAL DESCRIPTION
Extent 1724
650 ## - SUBJECT ADDED ENTRY--TOPICAL TERM
Topical term or geographic name entry element MECHANICAL AND ELECTRICAL EQUIPMENT FOR BUILDINGS

No items available.